| 000 | 00746nam a2200229 a 4500 | ||
|---|---|---|---|
| 001 | 61753 | ||
| 005 | 20180714063515.0 | ||
| 008 | 140415s1999 mx 000 0 spa d | ||
| 020 | _a968-5196-00-1 | ||
| 041 | _aspa | ||
| 082 | 0 |
_a121.68 _bBEU |
|
| 100 | 1 |
_aAlcalá Campos, Raúl _eautor |
|
| 245 | 1 | 4 |
_aHermenéutica, analogía y significado : _bdiscusión con Mauricio Beuchot / _cRaúl Alcalá Campos. |
| 264 | 1 |
_aMéxico : _bEditorial Surge, _c1999. |
|
| 300 |
_a87 páginas ; _c21 cm. |
||
| 336 |
_atexto _2rdacontent |
||
| 337 |
_asin mediación _2rdamedia |
||
| 338 |
_avolumen _2rdacarrier |
||
| 490 | 0 |
_aColección Magnum Bonum ; _vn. 1 |
|
| 650 | 0 | 4 |
_aFilosofía _xHermenéutica |
| 600 | 1 | 4 |
_aBeuchot, Mauricio, _d1950- |
| 999 |
_c61753 _d61753 |
||